000 00344nam a2200109 a 4500
005 20140408090006.0
008 021022s19uu xx 00 eng d
050 _aPGS '97
_bSAL #3
100 _aSalanga, Craig Leonardo B.
245 _aA Study of self-discipline practice of selected grade 6 students of SIS school year 1996-1997.
942 _cPASS
999 _c96104
_d96104